| 000 | 01065na a2200301 4500 | ||
|---|---|---|---|
| 001 | 22331 | ||
| 003 | MIRAKIL | ||
| 005 | 20181213155151.0 | ||
| 008 | 170213b tu 000 0 | ||
| 035 | _a15266 | ||
| 040 |
_aMilas _btur _cTR-AnCHP |
||
| 041 | _atur | ||
| 082 |
_aCHP 351.00352 _bT95b 2010 |
||
| 090 | _aCHP 351.00352 T95b 2010 | ||
| 100 |
_aTüm, Halil _cCHP Adana Büyükşehir Belediyesi ve Seyhan Belediyesi meclis üyesi |
||
| 245 |
_aBelediye meclis konuşmalarım _b(2009-2010) _cHalil Tüm |
||
| 246 | _aHalil Tüm belediye meclis konuşmaları | ||
| 260 |
_a[Ankara] _b[yayl. y.] _c[2010] |
||
| 300 |
_a76 s. _bres. _c29 sm. |
||
| 600 |
_aTüm, Halil _cCHP Adana Büyükşehir Belediyesi ve Seyhan Belediyesi meclis üyesi _xBelediye _yMeclis konuşmaları |
||
| 610 |
_aCHP _xYerel yönetimler _yMeclis konuşmaları |
||
| 610 |
_aCHP _xSiyaset ve yönetim _zTürkiye |
||
| 650 |
_aCHP _xMeclis üyeleri _yMeclis konuşmaları |
||
| 657 | _aMeclis üyeleri konuşmaları | ||
| 700 | _a | ||
| 830 | _aCHP yayınları | ||
| 942 |
_2ddc _cBKS |
||
| 999 |
_c7862 _d7862 |
||